Detalles MARC
| 000 -LÍDER |
| Campo fijo de descripción fija |
02072nam a2200349 4500 |
| 001 - NÚMERO DE CONTROL |
| Campo de control |
768714001 |
| 003 - IDENTIFICADOR DEL NÚMERO DE CONTROL |
| Campo de control |
CO-MdFUSB |
| 005 - FECHA Y HORA DE LA ULTIMA TRANSACCIÓN |
| control field |
20220328102611.0 |
| 008 - ELEMENTOS DE LONGITUD FIJA -- INFORMACIÓN GENERAL |
| Campo fijo de descripción fija -- Información general |
220121t2004 ck a|||| |||| 00| 0 spa d |
| 020 ## - NÚMERO INTERNACIONAL NORMALIZADO PARA LIBROS |
| Número Internacional Normalizado del libro |
[No incluye ISBN] |
| 040 ## - FUENTE DE CATALOGACIÓN |
| Agencia de catalogación original |
CO-MdFUSB |
| Idioma de catalogación |
spa |
| Agencia que realiza la transcripción |
CO-MdFUSB |
| Agencia que realiza la modificación |
CO-MdFUSBC |
| Convenciones de la descripción |
rda |
| 041 ## - CÓDIGO DE IDIOMA |
| Código de idioma para texto/pista de sonido o título separado |
spa |
| 082 ## - NÚMERO DE CLASIFICACIÓN DECIMAL DEWEY |
| Número de la edición del Dewey |
23 |
| Número de clasificación |
280.4098 |
| Clave de autor-Numero de item |
B283 |
| 100 ## - ASIENTO PRINCIPAL--NOMBRE PERSONAL |
| Nombre personal |
Bartel de Graner, Judy |
| Término relacionador |
autor. |
| 245 ## - TÍTULO |
| Título del Material |
Historia de las Asambleas de Dios de Colombia. |
| Fechas incluidas |
1942-1992 |
| Parte restante del título - Subtitulo |
: los primeros cincuenta años. |
| Mención de responsabilidad, etc. |
/ Judy Bartel de Graner ; editado por Gilda Navarro de Guzmán |
| 250 ## - MENCIÓN DE EDICIÓN |
| Mención de edición |
Segunda edición. |
| 264 #1 - PRODUCCIÓN, PUBLICACIÓN, DISTRIBUCIÓN, MANUFACTURA, Y COPYRIGHT |
| Lugar de producción, publicación, distribución, manufactura |
Santa Fe de Bogotá : |
| Nombre del productor, publicador, distribuidor |
Asambleas de Dios, |
| Fecha de producción, publicación, distribución, manufactura, o copyright |
[2004] |
| 264 #4 - PRODUCCIÓN, PUBLICACIÓN, DISTRIBUCIÓN, MANUFACTURA, Y COPYRIGHT |
| Fecha de producción, publicación, distribución, manufactura, o copyright |
℗2004 |
| 300 ## - DESCRIPCIÓN FÍSICA |
| Extensión |
484 páginas |
| Dimensiones |
; 22 cm |
| 336 ## - TIPO DE CONTENIDO |
| Fuente |
rdacontent |
| Término de tipo de contenido |
texto |
| Código de tipo de contenido |
txt |
| 337 ## - TIPO DE MEDIO |
| Fuente |
rdamedia |
| Nombre del tipo de medio |
sin mediación |
| Código del tipo de medio |
n |
| 338 ## - TIPO DE SOPORTE |
| Fuente |
rdacarrier |
| Nombre del tipo de soporte |
volumen |
| Código Tipo de soporte |
nc |
| 505 ## - NOTA DE CONTENIDO |
| Título |
Parte I. Trasfondo histórico-Religioso de las Asambleas de Dios. |
| Nota de contenido con formato preestablecido |
La religión popular y el catolicismo romano en el contexto colombiano. -- El protestantismo en el contexto colombiano. --Los antecedentes internacionales de las Asambleas de Dios. |
| 505 ## - NOTA DE CONTENIDO |
| Título |
Parte II. Historia del movimiento de las Asambleas de Dios en Colombia. |
| Nota de contenido con formato preestablecido |
Primera etapa: fundamentos de las Asambleas de Dios en Colombia: 1932-1954. -- Segunda etapa: Inicios del Concilio de las Asambleas de Dios de Colombia: 1955-1969. -- Tercera etapa: Definición y enculturación de las Asambleas de Dios de Colombia:1970-1979. -- Cuarta etapa: Expansión de las Asambleas de Dios de Colombia: 1980-1992. -- Los valores fundamentales de las Asambleas de Dios de Colombia frente a las influencias del postmodernismo. |
| 520 ## - NOTA DE RESUMEN, ETC. |
| Nota de sumario, etc. |
Para apreciar los invaluables fundamentos de nuestra fe y la solidez de los principios bíblicos que cimentaron el movimiento pentecostal de las Asambleas de Dios. |
| 563 ## - NOTA DE ENCUADERNACIÓN |
| Nota de encuadernación |
Pasta dura |
| 610 #0 - ASIENTO SECUNDARIO DE MATERIA - NOMBRE CORPORATIVO |
| Nombre corporativo o nombre de la jurisdicción como elemento de entrada |
Concilio de las Asambleas de Dios en Colombia, |
| Subdivisión general |
Historia |
| Subdivisión geográfica |
Colombia. |
| 650 #0 - ASIENTO SECUNDARIO DE MATERIA - TERMINO TEMÁTICO |
| 9 (RLIN) |
153 |
| Término temático o nombre geográfico como elemento de entrada |
Historia de la Iglesia |
| 700 ## - ASIENTO SECUNDARIO - NOMBRE PERSONAL |
| 9 (RLIN) |
6024 |
| Nombre personal |
Navarro de Guzmán, Gilda, |
| Responsabilidad |
editor |
| 942 ## - TIPO DE MATERIAL (KOHA) |
| Tipo de Item KOHA |
Libros General |
| 945 ## - INFORMACIÓN LOCAL DEL REGISTRO |
| Catalogador |
AEM-53 |